MARC details
| 000 -CABECERA |
| campo de control de longitud fija |
01579nam a2200313 a 4500 |
| 001 - NÚMERO DE CONTROL |
| campo de control |
000000806 |
| 003 - IDENTIFICADOR DEL NÚMERO DE CONTROL |
| campo de control |
DO-SdBNP |
| 005 - FECHA Y HORA DE LA ÚLTIMA TRANSACCIÓN |
| campo de control |
20250411121939.0 |
| 008 - DATOS DE LONGITUD FIJA--INFORMACIÓN GENERAL |
| campo de control de longitud fija |
090522s2006 dr ac 001 0dspa d |
| 020 ## - NÚMERO INTERNACIONAL ESTÁNDAR DEL LIBRO |
| Número Internacional Estándar del Libro |
999349979X |
| 020 ## - NÚMERO INTERNACIONAL ESTÁNDAR DEL LIBRO |
| Número Internacional Estándar del Libro |
9789993499794 |
| 040 ## - FUENTE DE LA CATALOGACIÓN |
| Centro catalogador/agencia de origen |
DO-SdBNP |
| Lengua de catalogación |
spa |
| Centro/agencia transcriptor |
BNPHU |
| 082 ## - NÚMERO DE LA CLASIFICACIÓN DECIMAL DEWEY |
| Número de clasificación |
271.53 |
| Número de documento/Ítem |
E96j |
| 245 03 - MENCIÓN DE TÍTULO |
| Título |
La expulsión de los Jesuitas de Santo Domingo (1766-1767) / |
| Mención de responsabilidad, etc. |
Recopilación y notas históricas José Luis Sáez. |
| 260 ## - PUBLICACIÓN, DISTRIBUCIÓN, ETC. |
| Lugar de publicación, distribución, etc. |
Santo Domingo : |
| Nombre del editor, distribuidor, etc. |
Academia Dominicana de la Historia, |
| Fecha de publicación, distribución, etc. |
2006, |
| Fabricante |
Búho |
| 300 ## - DESCRIPCIÓN FÍSICA |
| Extensión |
344 p. : |
| Otras características físicas |
il., retrs. ; |
| Dimensiones |
23 cm. |
| 490 1# - MENCIÓN DE SERIE |
| Mención de serie |
Academia Dominicana de la Historia ; |
| Designación de volumen o secuencia |
72 |
| 500 ## - NOTA GENERAL |
| Nota general |
Incluye índice onomástico, topográfico y temático. |
| 504 ## - NOTA DE BIBLIOGRAFÍA, ETC. |
| Nota de bibliografía, etc. |
Incluye bibliografía y notas al pie de páginas. |
| 504 ## - NOTA DE BIBLIOGRAFÍA, ETC. |
| Nota de bibliografía, etc. |
Bibliografía: p. 321-327. |
| 505 0# - NOTA DE CONTENIDO CON FORMATO |
| Título |
Introducción -- |
| -- |
Proceso y etapas de la expulsión de los Jesuitas de España y sus colonias (1755-1767) -- |
| -- |
La expulsión de la compañía de Santo Domingo (1767-1768) -- |
| -- |
La expulsión en el resto de la América Hispánica (1767-1768) -- |
| -- |
Un breve interludio y otro cambio de status -- |
| -- |
Antología de documentos sobre la expulsión. Apéndices -- |
| -- |
Siglas empleadas -- |
| -- |
Bibliografía -- |
| -- |
Índice onomástico, topográfico y temático. |
| 590 ## - NOTA LOCAL (RLIN) |
| Nota local |
Inventariado, 2018/ YL |
| 650 #4 - PUNTO DE ACCESO ADICIONAL DE MATERIA--TÉRMINO DE MATERIA |
| Término de materia o nombre geográfico como elemento de entrada |
Jesuítas en república dominicana |
| 9 (RLIN) |
2793 |
| 650 #4 - PUNTO DE ACCESO ADICIONAL DE MATERIA--TÉRMINO DE MATERIA |
| Término de materia o nombre geográfico como elemento de entrada |
Jesuítas |
| Subdivisión general |
Historia |
| 9 (RLIN) |
2794 |
| 700 1# - PUNTO DE ACCESO ADICIONAL--NOMBRE DE PERSONA |
| Nombre de persona |
Sáez , José Luis |
| Fechas asociadas al nombre |
1937- |
| Término indicativo de función/relación |
comp. |
| 9 (RLIN) |
620 |
| 830 #0 - PUNTO DE ACCESO ADICIONAL DE SERIE-TÍTULO UNIFORME |
| Título uniforme |
Academia Dominicana de la Historia |
| Número de parte o sección de la obra |
72 |
| 9 (RLIN) |
2797 |
| 910 ## - DATOS DE OPCIÓN DEL USUARIO (OCLC) |
| Datos de opción del usuario |
Validado. Control de calidad EMS |
| 942 ## - ELEMENTOS DE PUNTO DE ACCESO ADICIONAL (KOHA) |
| Fuente del sistema de clasificación o colocación |
Dewey Decimal Classification |
| Tipo de ítem Koha |
Libro |